000 00733nam a2200289Ia 4500
005 20260324124855.0
008 008 260324s9999 xx 000 0 eng d
020 _a9780203830383
037 _aEBOOK
040 _aCRL
040 _beng
040 _cCRL
041 _2eng
041 _aeng
084 _qCRL
100 _aFiona Mackie
_91175820
245 4 _aThe Status of Everyday Life (Routledge Revivals)
245 2 _bA Sociological Excavation of the Prevailing Framework of Perception
260 _bTaylor and Francis
260 _c2010
365 _a
365 _b290
856 _uhttp://www.taylorfrancis.com/books/9780203830383
942 _cEBOOK
999 _c1770598
_d1770598